[Event "Warsaw YMCA Spring 152nd"]
[Site "Warsaw"]
[Date "2015.06.19"]
[Round "13"]
[White "Bialczynski, Michal"]
[Black "Orszulak, Wojciech"]
[Result "0-1"]
[WhiteElo "1193"]
[BlackElo "1631"]
[PlyCount "62"]
[EventDate "2015.04.09"]
[EventType "tourn"]
[EventRounds "13"]
[EventCountry "POL"]
[SourceTitle "EXT 2017"]
[Source "ChessBase"]
[SourceDate "2016.10.25"]
[SourceVersion "1"]
[SourceVersionDate "2016.10.25"]
[SourceQuality "1"]

1. e4 e6 2. d4 d5 3. exd5 exd5 4. Nf3 Nf6 5. Be2 Bd6 6. Nc3 c6 7. 0-0 Bf5 8. Re1 0-0 9. Bg5 Nbd7 10. Bd3 Bg4 11. Be2 Re8 12. h3 Bh5 13. Nh4 Bxe2 14. Rxe2 Qb6 15. b3 Rxe2 16. Nxe2 Ne4 17. Be3 Re8 18. Nf3 Qc7 19. Nd2 Ndf6 20. c4 Qe7 21. Rc1 Nxf2 22. Bxf2 Qxe2 23. Qc2 Bf4 24. Re1 Qxd2 25. Rxe8+ Nxe8 26. Qxd2 Bxd2 27. Bg3 dxc4 28. bxc4 Be3+ 29. Bf2 Bxf2+ 30. Kxf2 Nd6 31. c5 Nf5 0-1

[Event "Warsaw YMCA Spring 152nd"]
[Site "Warsaw"]
[Date "2015.06.16"]
[Round "11"]
[White "Bialczynski, Michal"]
[Black "Felicetti, Francesco"]
[Result "0-1"]
[WhiteElo "1193"]
[BlackElo "1464"]
[PlyCount "70"]
[EventDate "2015.04.09"]
[EventType "tourn"]
[EventRounds "13"]
[EventCountry "POL"]
[SourceTitle "EXT 2017"]
[Source "ChessBase"]
[SourceDate "2016.10.25"]
[SourceVersion "1"]
[SourceVersionDate "2016.10.25"]
[SourceQuality "1"]

1. e4 e6 2. d4 d5 3. exd5 exd5 4. Nf3 Nf6 5. Be2 Be7 6. 0-0 0-0 7. Nc3 c6 8. Re1 Ne4 9. Nxe4 dxe4 10. Ne5 Nd7 11. Bf4 Nxe5 12. Bxe5 Be6 13. Bg4 f5 14. Bh3 Bf6 15. Qh5 Bxe5 16. dxe5 Qc7 17. f3 g6 18. Qg5 Bd5 19. fxe4 Bxe4 20. e6 Rae8 21. Re2 Rxe6 22. c3 Qe7 23. Qg3 Re8 24. Rae1 Qc5+ 25. Kh1 Kf7 26. Qf4 Bxg2+ 27. Bxg2 Rxe2 28. Rd1 Re1+ 29. Rxe1 Rxe1+ 30. Bf1 Qe5 31. Qf2 Qe4+ 32. Kg1 Qe3 33. Kg2 Qxf2+ 34. Kxf2 Rc1 35. Kg3 Rxf1 0-1